| 000 | 01281nam a2200301 i 4500 | ||
|---|---|---|---|
| 003 | DO-SdBNP | ||
| 005 | 20260321073645.0 | ||
| 007 | ta | ||
| 008 | 081117s1975 dr 000 0 spa d | ||
| 040 |
_aDO-SdBNP _bspa _cBNPHU _erda |
||
| 082 |
_a320.98 _bB742d _222 |
||
| 100 | 1 |
_a Bosch, Juan, _d1909-2001 _976555 |
|
| 245 | 1 | 0 |
_aDe México a Kampuchea / _cJuan Bosch. |
| 264 | 1 |
_aSanto Domingo : _bCultural Dominicana, _c1975. |
|
| 300 |
_a101 páginas ; _c20 cm. |
||
| 336 |
_2rdacontent _atexto _btxt |
||
| 337 |
_2rdamedia _asin mediación _bn |
||
| 338 |
_2rdacarrier _avolumen _bnc |
||
| 505 | 0 |
_tUn presidente que se respeta -- _tLa carta de los pueblos -- _tEl país que se fue adelante -- _tRusell, un tribunal con respaldo popular -- _tItalia ni aquí ni en ninguna parte -- _tClaveles y fusiles -- _t¿Adónde va España? -- _tEn Venezuela andan juntos petróleo y miseria -- _tUn respiro y nada más -- _tEl nombre que hace historia / |
|
| 590 | _aInventariado, 2023/ YL | ||
| 600 | 1 | 0 |
_a Bosch, Juan, _d1909-2001 _976555 |
| 651 | 4 |
_aMéxico _xPolítica y gobierno _9539 |
|
| 651 | 4 |
_aEuropa _xPolítica y gobierno _9540 |
|
| 651 | 4 |
_aCuba _xPolítica y gobierno _9541 |
|
| 651 | 0 |
_aVenezuela _xPolítica y gobierno _926230 |
|
| 910 | _aYLockward | ||
| 942 |
_2ddc _cLBS1 |
||
| 999 |
_c54976 _d54976 |
||